00502nam a2200133Ia 4500008004100000100002000041245007300061245008400134260005300218260000900271300001200280650001500292856006100307170221s9999 xx 000 0 und d aFedor F. Glisin aCriteria for Evaluation and Planning of Science Foundation Activity  cFedor F. Glisin, Vladimir V. Kaluzhnyi, Pavel B. Melnik, Sergey B. Shchepanskiy bInternational Review of Management and Marketing c2016 a15 : 22 xMarketing. uhttp://www.econjournals.com/index.php/irmm/issue/view/75